000 00322nam a2200097Ia 4500
082 _a941.0810922 ADAM
245 0 _aThe firebringers : art, science and the struggle for liberty in nineteenth century Britain
100 _a Adams, Max London, 2009
_976484
942 _cBK
008 210817s9999 xx 000 0 und d
999 _c254769
_d254768